| 000 | 01100cam a22003011i 4500 | ||
|---|---|---|---|
| 003 | SA-RiAUC | ||
| 005 | 20250321140235.0 | ||
| 008 | 250321s2003 su g b 000k0 ara c | ||
| 020 | _a9960436519 | ||
| 040 |
_aSA-RiAUC _bara _cSA-RiAUC _erda |
||
| 050 | 4 | _b.B87 2003 | |
| 082 | 0 | 4 |
_a372.218 _qSA-RiAUC |
| 090 |
_a372.218 _b ب و ق |
||
| 100 | 1 |
_aبوقس، عبد الله عبد اللطيف، _d1930- _eمؤلف. |
|
| 245 | 1 | 0 |
_aبين الحضانة والروضة / _cعبد الله بوقس. |
| 250 | _aالطبعة الثالثة. | ||
| 264 | 1 |
_aمكة المكرمة : _bدار الفودة، _c2003 |
|
| 300 |
_a107 صفحة ؛ _c24 سم. |
||
| 336 |
_aنص _btxt _2rdacontent _3كتاب |
||
| 337 |
_aبدون وسيط _bn _2rdamedia |
||
| 338 |
_aمجلد _bnc _2rdacarrier |
||
| 490 | 0 |
_aدراسات في التربية والتعليم ؛ _v2 |
|
| 504 | _aببليوجرافية : صفحة 101-102. | ||
| 650 | 7 |
_aرياض الأطفال _2aucsh |
|
| 650 | 7 |
_aمدارس الحضانة _2aucsh |
|
| 942 |
_2ddc _cBOOK _n0 |
||
| 949 |
_aSA-JeALM _d250321 _umohamedma123 _n1 |
||
| 999 |
_c6541 _d6541 |
||